[Event "DEM U10/U10w 2000"]
[Site "Überlingen GER"]
[Date "2000.06.04"]
[Round "2"]
[White "Collmann, Martin"]
[Black "Stock, Lara"]
[Result "0-1"]
[Termination "normal"]
[Board "29"]
[WhiteElo "496"]
[BlackElo "1114"]
[PlyCount "116"]
[EventCountry "GER"]
[EventRounds "11"]
[EventType "swiss"]
[EventDate "2000.06.03"]

1. e4 e5 2. d4 exd4 3. c3 dxc3 4. Nxc3 Nc6 5. Bc4 Nf6 6. Nf3 d6 7. O-O Bg4 8.
h3 Bh5 9. Nd5 Nxd5 10. Qxd5 Bg6 11. Nh4 Qxh4 12. Bb5 Qxe4 13. Qxe4+ Bxe4 14.
Re1 d5 15. f3 Bc5+ 16. Kf1 Bb4 17. Re2 O-O 18. fxe4 Nd4 19. Re3 Nc2 20. Rg3
Nxa1 21. Bh6 dxe4 22. Bxg7 Rfd8 23. Bc3+ Kf8 24. Bxb4+ Rd6 25. Re3 Nc2 26.
Bxd6+ cxd6 27. Rxe4 d5 28. Rf4 Rd8 29. Ke2 d4 30. a3 a6 31. Bc4 Ne3 32. Rxf7+
Ke8 33. Rc7 b5 34. Bd3 Nxg2 35. Rxh7 Kf8 36. h4 Re8+ 37. Kf2 Re3 38. h5 Rxd3
39. Kxg2 Re3 40. h6 d3 41. Rg7 Re2+ 42. Kf3 Rxb2 43. Rd7 Kg8 44. Rxd3 Kh7 45.
Rd6 Rb3+ 46. Ke4 Rxa3 47. Kf5 b4 48. Kg5 Rg3+ 49. Kh5 a5 50. Rd7+ Kh8 51. h7
Rg7 52. Rd5 Ra7 53. Kh6 Ra8 54. Rg5 a4 55. Rg7 a3 56. Kg6 a2 57. Kf7 Ra7+ 58.
Kg6 Rxg7+ 0-1

[Event "DEM U10/U10w 2000"]
[Site "Überlingen GER"]
[Date "2000.06.04"]
[Round "2"]
[White "Fischer, Sven"]
[Black "Armbrüster, Clemens"]
[Result "0-1"]
[Termination "normal"]
[Board "30"]
[WhiteElo "1028"]
[BlackElo "584"]
[PlyCount "164"]
[BlackFideId "12969699"]
[EventCountry "GER"]
[EventRounds "11"]
[EventType "swiss"]
[EventDate "2000.06.03"]

1. Nf3 d5 2. g3 Nf6 3. Bg2 g6 4. d3 Bg7 5. O-O O-O 6. Bg5 Nc6 7. Nbd2 Bf5 8.
Nb3 h6 9. Bf4 Qd7 10. Re1 Bh3 11. Bh1 Rfe8 12. d4 Qg4 13. Bxc7 Nh5 14. Ba5 Nxa5
15. Nxa5 b6 16. Nb3 Rad8 17. c3 e6 18. Nfd2 e5 19. f3 Qg5 20. e4 Nxg3 21. Kf2
Nxh1+ 22. Rxh1 h5 23. Rg1 Qf4 24. Rg3 Bg4 25. Kg1 Be6 26. Kh1 dxe4 27. Nxe4
exd4 28. cxd4 Bd5 29. Qd2 Qxd2 30. Nexd2 Bxb3 31. Nxb3 Bxd4 32. Rb1 Bg7 33. Rg2
Re7 34. Rbg1 Rde8 35. Rb1 Re1+ 36. Rg1 Rxg1+ 37. Kxg1 Re2 38. h3 Rxb2 39. Rxb2
Bxb2 40. Nd2 Bd4+ 41. Kf1 f5 42. Nc4 Kf7 43. Ke2 Ke6 44. a4 Kd5 45. Kd3 Kc5 46.
Nd2 Bb2 47. Nc4 Bd4 48. Nd2 Bf6 49. Nc4 Kb4 50. Nd6 Kxa4 51. Nc8 b5 52. Nxa7 b4
53. Kc2 b3+ 54. Kb1 Ka3 55. Nb5+ Kb4 56. Nd6 Kc3 57. Ne8 Be7 58. Nc7 Kd4 59.
Ne6+ Ke3 60. f4 Kf3 61. Kb2 Kg3 62. Kxb3 Kxh3 63. Kc3 Kg2 64. Kd4 h4 65. Ke5 h3
66. Ng7 h2 67. Nxf5 gxf5 68. Kxf5 h1=Q 69. Ke6 Qh6+ 70. Kxe7 Qxf4 71. Ke6 Qg5
72. Kd6 Qf5 73. Kc6 Qe5 74. Kb6 Qd5 75. Kc7 Qe6 76. Kb7 Qd6 77. Ka8 Qd7 78. Kb8
Kf3 79. Ka8 Ke4 80. Kb8 Kd5 81. Ka8 Kc6 82. Kb8 Qb7# 0-1

[Event "DEM U10/U10w 2000"]
[Site "Überlingen GER"]
[Date "2000.06.04"]
[Round "2"]
[White "Beck, Frederik"]
[Black "Ahlers, Hendrik"]
[Result "1-0"]
[Termination "normal"]
[Board "31"]
[WhiteElo "969"]
[BlackElo "504"]
[PlyCount "77"]
[WhiteFideId "4687388"]
[EventCountry "GER"]
[EventRounds "11"]
[EventType "swiss"]
[EventDate "2000.06.03"]

1. e4 e6 2. d4 d5 3. exd5 exd5 4. Nc3 Nf6 5. Nf3 Nc6 6. Bd3 Bg4 7. Be3 Bb4 8.
O-O O-O 9. h3 Bh5 10. a3 Bxc3 11. bxc3 Ne4 12. c4 Nc3 13. Qe1 Bxf3 14. Qxc3 Be4
15. Bxe4 dxe4 16. d5 Ne7 17. Rab1 b6 18. Rfe1 Ng6 19. Bd4 f6 20. Rxe4 Re8 21.
Rbe1 Qd7 22. Rxe8+ Rxe8 23. Rxe8+ Qxe8 24. Qe3 Qf8 25. c5 h6 26. cxb6 cxb6 27.
c4 Qc8 28. c5 bxc5 29. Bxc5 a6 30. d6 Ne5 31. Bb4 Kf8 32. d7+ Qc5 33. Bxc5+ Kf7
34. d8=Q Kg6 35. Qe8+ Kh7 36. Qe4+ g6 37. Qe7+ Nf7 38. Qxf7+ Kh8 39. Qee8# 1-0

[Event "DEM U10/U10w 2000"]
[Site "Überlingen GER"]
[Date "2000.06.04"]
[Round "2"]
[White "Rutz, Marco"]
[Black "Laake, Tamara"]
[Result "0-1"]
[Termination "normal"]
[Board "32"]
[WhiteElo "951"]
[BlackElo "492"]
[PlyCount "74"]
[EventCountry "GER"]
[EventRounds "11"]
[EventType "swiss"]
[EventDate "2000.06.03"]

1. b4 e5 2. Bb2 d6 3. b5 Nf6 4. a4 Be7 5. d3 O-O 6. e4 c6 7. c4 Be6 8. Nf3 Nbd7
9. Be2 Nc5 10. O-O a6 11. Nbd2 Qb6 12. a5 Qd8 13. b6 Bg4 14. h3 Bh5 15. d4 exd4
16. Bxd4 Nfxe4 17. Nxe4 Nxe4 18. Bb2 Bf6 19. Bxf6 Qxf6 20. Qd3 Nc5 21. Nd4 Nxd3
22. Bxh5 Qxd4 23. Be2 Rae8 24. Bxd3 Qxd3 25. Rad1 Qxc4 26. Rxd6 Re7 27. Ra1
Rfe8 28. Rdd1 Re2 29. Rac1 Qf4 30. Kh1 Qxf2 31. Rg1 h6 32. Rcf1 Qg3 33. Rf3 Qg5
34. Rff1 Rb2 35. Rd1 Ree2 36. Rd4 Rxg2 37. Rg4 Rh2# 0-1

[Event "DEM U10/U10w 2000"]
[Site "Überlingen GER"]
[Date "2000.06.04"]
[Round "2"]
[White "Müller, Jonathan"]
[Black "Wassilian, Diana"]
[Result "1-0"]
[Termination "normal"]
[Board "33"]
[WhiteElo "487"]
[BlackElo "889"]
[PlyCount "71"]
[EventCountry "GER"]
[EventRounds "11"]
[EventType "swiss"]
[EventDate "2000.06.03"]

1. e4 e5 2. Bc4 Nf6 3. Nc3 Bc5 4. d3 h6 5. Nge2 d6 6. Bd2 O-O 7. f4 exf4 8.
Nxf4 Nh7 9. Qf3 Ng5 10. Qg3 Qf6 11. Rf1 Nc6 12. Nfd5 Qg6 13. h4 Ne6 14. Qxg6
fxg6 15. O-O-O Bd7 16. Nxc7 Rab8 17. Nxe6 Bxe6 18. Bxe6+ Kh8 19. Nd5 a5 20. Nf4
Kh7 21. g4 Nd4 22. Bd5 Rbc8 23. g5 h5 24. Kb1 b5 25. Bxa5 b4 26. c3 bxc3 27.
Bxc3 Rb8 28. Kc1 Rfc8 29. Kd2 Nb5 30. Rc1 Nxc3 31. bxc3 Rb2+ 32. Rc2 Rcb8 33.
Ne6 Bb6 34. Rxb2 Ba7 35. Rxb8 Bxb8 36. Rf7 1-0

[Event "DEM U10/U10w 2000"]
[Site "Überlingen GER"]
[Date "2000.06.04"]
[Round "2"]
[White "Göllner, Stefanie"]
[Black "Fröschle, Luzie"]
[Result "1-0"]
[Termination "normal"]
[Board "34"]
[WhiteElo "374"]
[BlackElo "876"]
[PlyCount "198"]
[BlackFideId "24631221"]
[EventCountry "GER"]
[EventRounds "11"]
[EventType "swiss"]
[EventDate "2000.06.03"]

1. e4 e5 2. Nf3 Nc6 3. Bc4 Bc5 4. d3 Nf6 5. h3 d6 6. Ng5 O-O 7. Nc3 h6 8. Nf3
Be6 9. Bxe6 fxe6 10. O-O Nd7 11. Re1 Qf6 12. Be3 Qg6 13. Bxc5 Nxc5 14. b3 Rf7
15. Re3 Raf8 16. a3 Nd4 17. Nh4 Qg5 18. Qg4 Qxg4 19. hxg4 Nxc2 20. Ree1 Nxa1
21. Rxa1 Nxd3 22. Rd1 Nxf2 23. Rc1 Nxg4 24. Nf3 d5 25. exd5 exd5 26. Nxd5 e4
27. Nh4 e3 28. Re1 Rf2 29. g3 c6 30. Nxe3 Nxe3 31. Rxe3 Rf1+ 32. Kg2 R8f2+ 33.
Kh3 g5 34. Kg4 gxh4 35. Re8+ Kf7 36. Rb8 hxg3 37. Rxb7+ Ke6 38. Kxg3 Rf8 39.
Kg2 h5 40. Rh7 R8f5 41. Rh6+ Rf6 42. Rxh5 R1f5 43. Rh4 Rg5+ 44. Kh2 Rf2+ 45.
Kh3 Rfg2 46. Re4+ Kf5 47. Rc4 Rh5+ 48. Kxg2 Rg5+ 49. Kf3 Ke5 50. Rc5+ Kf6 51.
Rxc6+ Ke5 52. Rc5+ Kf6 53. Rc6+ Ke7 54. Rc7+ Kd6 55. Rxa7 Rf5+ 56. Kg4 Rb5 57.
Ra6+ Kd5 58. Ra8 Rxb3 59. Rd8+ Kc6 60. Rc8+ Kd7 61. Ra8 Rc3 62. Ra7+ Kc6 63.
Ra8 Kb5 64. a4+ Kb6 65. a5+ Kb7 66. Rf8 Rc4+ 67. Kf3 Ka6 68. Rf5 Rc1 69. Ke4
Re1+ 70. Kd4 Ra1 71. Rf6+ Kb5 72. Rf5+ Ka6 73. Rf6+ Kb5 74. Rf5+ Ka6 75. Kc4
Rxa5 76. Rf6+ Kb7 77. Rf7+ Kc6 78. Kb4 Rc5 79. Rf6+ Kd5 80. Rf5+ Kd4 81. Rxc5
Kd3 82. Rc4 Ke3 83. Kc5 Kf3 84. Rd4 Ke3 85. Kd5 Ke2 86. Ke5 Ke3 87. Kd5 Ke2 88.
Ra4 Ke3 89. Ke5 Kd3 90. Rh4 Kc3 91. Kd5 Kd2 92. Rh3 Ke2 93. Kd4 Kf2 94. Ra3 Ke2
95. Rb3 Kf2 96. Ra3 Kg2 97. Ke4 Kf2 98. Kf4 Kf1 99. Kf3 99... Kg1 {Rest unklar}
1-0

[Event "DEM U10/U10w 2000"]
[Site "Überlingen GER"]
[Date "2000.06.04"]
[Round "2"]
[White "von Berg, Martin"]
[Black "Mucha, Annegret"]
[Result "1-0"]
[Termination "normal"]
[Board "35"]
[WhiteElo "875"]
[BlackElo "485"]
[PlyCount "71"]
[BlackFideId "24622788"]
[EventCountry "GER"]
[EventRounds "11"]
[EventType "swiss"]
[EventDate "2000.06.03"]

1. e4 e5 2. Nf3 Nc6 3. Bb5 Nf6 4. d3 d5 5. Nxe5 dxe4 6. Nxc6 bxc6 7. Bxc6+ Bd7
8. Bxa8 Qxa8 9. O-O Bd6 10. Re1 O-O 11. Bg5 exd3 12. Qxd3 Qc6 13. Nc3 Ng4 14.
h3 Bh2+ 15. Kf1 Ne5 16. Qd5 Qxd5 17. Nxd5 Bb5+ 18. Re2 Bxe2+ 19. Kxe2 h6 20.
Be3 Nc4 21. g3 Nxe3 22. Nxe3 Re8 23. Rh1 Bxg3 24. fxg3 Kh7 25. Kf3 g5 26. Rd1
c6 27. Rd7 a6 28. Rxf7+ Kg6 29. Ra7 Rb8 30. b3 Rb6 31. Nc4 Rb5 32. Rxa6 Rf5+
33. Ke3 Rf1 34. Rxc6+ Kf5 35. a4 Rh1 36. g4# 1-0

[Event "DEM U10/U10w 2000"]
[Site "Überlingen GER"]
[Date "2000.06.04"]
[Round "2"]
[White "Gremmer, Jan"]
[Black "Prum, Alexander"]
[Result "0-1"]
[Termination "normal"]
[Board "36"]
[WhiteElo "855"]
[BlackElo "351"]
[PlyCount "72"]
[EventCountry "GER"]
[EventRounds "11"]
[EventType "swiss"]
[EventDate "2000.06.03"]

1. e4 e5 2. Nf3 Nf6 3. Nc3 Nc6 4. Bc4 Nxe4 5. d3 Nxc3 6. bxc3 Bc5 7. Bg5 f6 8.
Be3 Bxe3 9. fxe3 d5 10. Bb5 Bd7 11. O-O Qe7 12. d4 exd4 13. exd4 Qe3+ 14. Kh1
O-O-O 15. Qb1 g5 16. Ng1 f5 17. Qb3 Ne7 18. Bxd7+ Rxd7 19. Rab1 c6 20. Rfe1 Qf2
21. Qb4 Ng6 22. Re2 Qh4 23. Nf3 Qh5 24. a4 g4 25. Ng1 g3 26. Nh3 Nf4 27. Rd2
Nxh3 28. gxh3 Qxh3 29. Rg2 f4 30. Rf1 Rf7 31. Qd6 f3 32. Rxg3 Qxf1+ 33. Rg1 Qe2
34. Qc5 f2 35. Rg2 f1=Q+ 36. Rg1 Qef3# 0-1

[Event "DEM U10/U10w 2000"]
[Site "Überlingen GER"]
[Date "2000.06.04"]
[Round "2"]
[White "Zeuner, Felix"]
[Black "Häcker, Katrin"]
[Result "1-0"]
[Termination "normal"]
[Board "37"]
[WhiteElo "830"]
[BlackElo "350"]
[PlyCount "79"]
[BlackFideId "24667986"]
[EventCountry "GER"]
[EventRounds "11"]
[EventType "swiss"]
[EventDate "2000.06.03"]

1. e4 e5 2. Nf3 Nc6 3. Nc3 Nf6 4. d4 d6 5. dxe5 dxe5 6. Qxd8+ Kxd8 7. Bg5 Bb4
8. O-O-O+ Ke8 9. Bb5 Bg4 10. Rd3 h6 11. Nxe5 hxg5 12. Nxc6 bxc6 13. Bxc6+ Ke7
14. Bxa8 Rxa8 15. e5 Nd7 16. Nd5+ Ke6 17. Nxc7+ Ke7 18. Nxa8 Nxe5 19. Rd4 a5
20. Nc7 Bc5 21. Re4 Kd6 22. f3 Bf5 23. Rd1+ Kxc7 24. Rxe5 g6 25. Rxc5+ Kb6 26.
Rdd5 Ka6 27. Rd6+ Kb7 28. Rxa5 Kc7 29. Raa6 Kb7 30. c4 Kc7 31. c5 Bc8 32. Ra7+
Kb8 33. Rxf7 Ka8 34. Rb6 g4 35. fxg4 g5 36. Kc2 Bxg4 37. c6 Be6 38. c7 Ka7 39.
c8=Q+ Bxf7 40. Qb8# 1-0

[Event "DEM U10/U10w 2000"]
[Site "Überlingen GER"]
[Date "2000.06.04"]
[Round "2"]
[White "Farnbacher, Christa"]
[Black "Friedrich, Jan"]
[Result "0-1"]
[Termination "normal"]
[Board "38"]
[WhiteElo "348"]
[BlackElo "821"]
[PlyCount "70"]
[BlackFideId "24659452"]
[EventCountry "GER"]
[EventRounds "11"]
[EventType "swiss"]
[EventDate "2000.06.03"]

1. e4 c5 2. Nf3 Nc6 3. c3 g6 4. d4 cxd4 5. cxd4 Bg7 6. d5 Ne5 7. Nxe5 Bxe5 8.
f4 Bg7 9. Bd3 Qb6 10. Nc3 e6 11. Qc2 Ne7 12. Na4 Qa5+ 13. Bd2 Qd8 14. d6 Nc6
15. O-O-O a6 16. g3 b5 17. Nc5 O-O 18. e5 Rb8 19. Qb3 Bb7 20. Qa3 Qb6 21. Nxd7
Qd8 22. Nxb8 Nxb8 23. Ba5 Qc8+ 24. Kb1 Bxh1 25. Rxh1 Qb7 26. Rd1 Rc8 27. Qb4
Qf3 28. Qd2 h5 29. Bc2 Nd7 30. Qd4 Ra8 31. Be4 Qe2 32. Bxa8 Nxe5 33. Bc3 a5 34.
fxe5 Bxe5 35. Qxe5 Qxd1# 0-1

[Event "DEM U10/U10w 2000"]
[Site "Überlingen GER"]
[Date "2000.06.04"]
[Round "2"]
[White "Chyzynski, David"]
[Black "Rath, Oliver"]
[Result "0-1"]
[Termination "normal"]
[Board "39"]
[WhiteElo "793"]
[BlackElo "332"]
[PlyCount "150"]
[WhiteFideId "12956155"]
[BlackFideId "24610380"]
[EventCountry "GER"]
[EventRounds "11"]
[EventType "swiss"]
[EventDate "2000.06.03"]

1. e4 e5 2. Nf3 d6 3. Nc3 Bg4 4. Bc4 Nc6 5. h3 Bxf3 6. Qxf3 Nf6 7. d3 Be7 8.
Bg5 Nd4 9. Qd1 a6 10. Nd5 b5 11. Nxf6+ Bxf6 12. Bxf6 Qxf6 13. Bb3 a5 14. c3
Nxb3 15. Qxb3 O-O 16. O-O Rfc8 17. Rae1 Rcb8 18. Re3 a4 19. Qd1 Ra6 20. Qh5 Qg6
21. Qxg6 hxg6 22. f4 exf4 23. Rxf4 a3 24. b3 Re8 25. Ref3 f6 26. Rg3 g5 27.
Rfg4 Ra7 28. Kf2 c5 29. d4 cxd4 30. cxd4 Rc7 31. h4 Ree7 32. Re3 gxh4 33. Rxh4
Re8 34. Rg4 Rec8 35. Reg3 Rc2+ 36. Kg1 R8c7 37. b4 Rxa2 38. Kh2 Ra1 39. Rf4 a2
40. Ra3 Rcc1 41. Rf2 Rc4 42. Rfxa2 Rxa2 43. Rxa2 Rxd4 44. Ra8+ Kh7 45. Rb8 Rxb4
46. Rd8 Rd4 47. Rb8 Rxe4 48. Rxb5 Re6 49. Rb6 Kg6 50. Kg3 Kf5 51. Kf3 g6 52.
Rb5+ Re5 53. g4+ Ke6 54. Rb3 Ke7 55. Rb7+ Ke6 56. Rb8 g5 57. Re8+ Kf7 58. Rd8
d5 59. Kg3 Ke7 60. Ra8 Re4 61. Kf3 Rf4+ 62. Kg3 Re4 63. Kf3 Rf4+ 64. Kg3 f5 65.
gxf5 Rxf5 66. Kg4 Re5 67. Rg8 Ke6 68. Re8+ Kf6 69. Rf8+ Ke6 70. Re8+ Kf6 71.
Rf8+ Kg6 72. Rg8+ Kf6 73. Re8 Rxe8 74. Kh5 d4 75. Kh6 Rh8# 0-1

[Event "DEM U10/U10w 2000"]
[Site "Überlingen GER"]
[Date "2000.06.04"]
[Round "2"]
[White "Schleißinger, Patrick"]
[Black "Hoffmann, Lena"]
[Result "1-0"]
[Termination "normal"]
[Board "40"]
[WhiteElo "761"]
[BlackElo "233"]
[PlyCount "111"]
[BlackFideId "24626597"]
[EventCountry "GER"]
[EventRounds "11"]
[EventType "swiss"]
[EventDate "2000.06.03"]

1. e4 e5 2. Nf3 Nc6 3. Nc3 Nf6 4. Bc4 Bc5 5. d3 h6 6. O-O O-O 7. Qe2 d6 8. h3
Re8 9. Re1 Bb4 10. Bd2 Be6 11. Bxe6 Rxe6 12. a3 Bc5 13. Be3 Bxe3 14. Qxe3 d5
15. Rad1 d4 16. Qe2 dxc3 17. bxc3 Rd6 18. Qd2 Qe7 19. Nh4 Nh5 20. Nf5 Qf6 21.
Nxd6 Qxd6 22. d4 exd4 23. cxd4 Qxa3 24. e5 Rd8 25. c3 Ne7 26. e6 f6 27. g4 Nd5
28. gxh5 Nxc3 29. e7 Re8 30. Re3 Qa5 31. Qxc3 Qxc3 32. Rxc3 Rxe7 33. d5 a5 34.
d6 cxd6 35. Rxd6 b5 36. Rc8+ Kh7 37. Rdd8 g5 38. hxg6+ Kxg6 39. Rd5 Re1+ 40.
Kg2 Rb1 41. Rb8 a4 42. Rdxb5 Rc1 43. Ra5 Ra1 44. Rba8 a3 45. Rxa3 Rxa3 46. Rxa3
h5 47. Kg3 Kg5 48. f4+ Kf5 49. Ra5+ Kg6 50. Kh4 Kh6 51. Rxh5+ Kg6 52. f5+ Kg7
53. Kg4 Kg8 54. Rh6 Kg7 55. Rg6+ Kf7 56. h4 1-0

[Event "DEM U10/U10w 2000"]
[Site "Überlingen GER"]
[Date "2000.06.04"]
[Round "2"]
[White "Marx, Heiner"]
[Black "Winkelmann, Elena"]
[Result "1-0"]
[Termination "normal"]
[Board "42"]
[WhiteElo "202"]
[BlackElo "741"]
[PlyCount "125"]
[BlackFideId "24607630"]
[EventCountry "GER"]
[EventRounds "11"]
[EventType "swiss"]
[EventDate "2000.06.03"]

1. e4 c5 2. Nf3 d6 3. h3 Nf6 4. Bb5+ Bd7 5. Bxd7+ Nbxd7 6. O-O Nxe4 7. Nc3 Nxc3
8. dxc3 g6 9. Bf4 Bg7 10. Re1 Nf6 11. Bxd6 O-O 12. Bxe7 Qxd1 13. Raxd1 Rfc8 14.
Rd6 Rc6 15. Rd8+ Rxd8 16. Bxd8 Re6 17. Rxe6 fxe6 18. Bxf6 Bxf6 19. b4 cxb4 20.
cxb4 Bc3 21. a3 Kf7 22. Ng5+ Ke7 23. Nxh7 Bd2 24. h4 Bc1 25. a4 Kf7 26. Ng5+
Bxg5 27. hxg5 e5 28. g3 Ke6 29. Kg2 Kf5 30. c4 e4 31. c5 Kxg5 32. b5 Kf5 33. c6
bxc6 34. bxc6 Ke6 35. Kh3 Kd6 36. Kh4 Kxc6 37. Kg5 Kd6 38. Kxg6 Ke7 39. Kg7 Ke6
40. Kg6 Ke5 41. Kg5 a5 42. g4 Ke6 43. Kf4 Kd5 44. g5 Ke6 45. Kxe4 Kf7 46. f4
Ke7 47. f5 Kf7 48. g6+ Kf6 49. Kf4 Kg7 50. Kg5 Kf8 51. f6 Kg8 52. Kf5 Kf8 53.
g7+ Kf7 54. Kg5 Kg8 55. Kf5 Kf7 56. Ke5 Kg8 57. Ke6 Kh7 58. Kf7 Kh6 59. g8=Q
Kh5 60. Ke6 Kh4 61. f7 Kh3 62. f8=Q Kh2 63. Qh6# 1-0

[Event "DEM U10/U10w 2000"]
[Site "Überlingen GER"]
[Date "2000.06.04"]
[Round "2"]
[White "Braun, Konstantin"]
[Black "Fuchs, Judith"]
[Result "0-1"]
[Termination "normal"]
[Board "44"]
[WhiteElo "170"]
[BlackElo "727"]
[PlyCount "70"]
[BlackFideId "24605611"]
[EventCountry "GER"]
[EventRounds "11"]
[EventType "swiss"]
[EventDate "2000.06.03"]

1. e4 c5 2. Nf3 d6 3. g3 Nc6 4. Bg2 Nf6 5. Nc3 g6 6. O-O Bg7 7. d3 O-O 8. Bg5
a6 9. Re1 b5 10. Bxf6 Bxf6 11. Nd5 Bxb2 12. Rb1 Bg7 13. Ng5 e6 14. Nf4 Qxg5 15.
h4 Qd8 16. c4 Rb8 17. Bh3 e5 18. Nd5 Bxh3 19. Kh2 Be6 20. Qc2 Nd4 21. Qb2 Nf3+
22. Kg2 Nxe1+ 23. Rxe1 bxc4 24. Qd2 cxd3 25. Qxd3 Bxd5 26. exd5 Qa5 27. Ra1 e4
28. Qd1 Bxa1 29. Qxa1 Qd2 30. g4 Rb2 31. Qf1 Rxa2 32. h5 Rb8 33. h6 Rbb2 34.
Kg3 Qxf2+ 35. Qxf2 Rxf2 0-1

[Event "DEM U10/U10w 2000"]
[Site "Überlingen GER"]
[Date "2000.06.05"]
[Round "3"]
[White "Bindrich, Falko"]
[Black "Ohme, Melanie"]
[Result "1/2-1/2"]
[Termination "normal"]
[Board "1"]
[WhiteElo "1645"]
[BlackElo "1121"]
[PlyCount "64"]
[WhiteFideId "4676670"]
[BlackFideId "4690745"]
[EventCountry "GER"]
[EventRounds "11"]
[EventType "swiss"]
[EventDate "2000.06.03"]

1. e4 a6 2. a4 b6 3. Bc4 Bb7 4. Nf3 e6 5. Qe2 Nf6 6. e5 Nd5 7. d4 c5 8. O-O d6
9. Rd1 Qc7 10. exd6 Bxd6 11. dxc5 Qxc5 12. Bxd5 Bxd5 13. b4 Qc6 14. Nd4 Qc7 15.
h3 O-O 16. Bb2 Bh2+ 17. Kh1 Be5 18. Nc3 Bc4 19. Qe4 Ra7 20. b5 a5 21. Nc6 Nxc6
22. bxc6 Bxc3 23. Bxc3 Bd5 24. Qg4 f6 25. Rd3 Qxc6 26. h4 h6 27. Rg3 e5 28. Qg6
Kh8 29. Bd2 f5 30. Qh5 Rf6 31. Bg5 Rg6 32. Rg1 Bf7 1/2-1/2

[Event "DEM U10/U10w 2000"]
[Site "Überlingen GER"]
[Date "2000.06.05"]
[Round "3"]
[White "Lubbe, Nikolas"]
[Black "Bentz, Matthias"]
[Result "0-1"]
[Termination "normal"]
[Board "2"]
[WhiteElo "1110"]
[BlackElo "1623"]
[PlyCount "86"]
[WhiteFideId "4694031"]
[EventCountry "GER"]
[EventRounds "11"]
[EventType "swiss"]
[EventDate "2000.06.03"]

1. e4 e6 2. d4 d5 3. e5 c5 4. c3 Nc6 5. Nf3 Qb6 6. a3 c4 7. Nbd2 f6 8. Be2 Qc7
9. exf6 Nxf6 10. O-O Bd6 11. h3 O-O 12. b3 cxb3 13. Nxb3 Ne4 14. Qc2 Ne7 15.
Bd2 Nxd2 16. Nbxd2 Bd7 17. Rfe1 Rac8 18. Nb1 b5 19. Ng5 g6 20. Bxb5 Bxb5 21.
Nxe6 Qc6 22. Nxf8 Rxf8 23. a4 Ba6 24. Na3 Nf5 25. Qa2 Rc8 26. Nb5 Bxb5 27. axb5
Qxb5 28. Qxa7 Qc6 29. Rec1 Bb8 30. Qa4 Qc7 31. Kf1 Qh2 32. Qd7 Nd6 33. Qe6+ Kg7
34. Qxd5 Re8 35. f3 Nf5 36. Qd7+ Re7 37. Qxe7+ Nxe7 38. Kf2 Bg3+ 39. Ke3 Qxg2
40. Rf1 Nf5+ 41. Kd3 Nd6 42. c4 Bf4 43. Rad1 Qa2 0-1

[Event "DEM U10/U10w 2000"]
[Site "Überlingen GER"]
[Date "2000.06.05"]
[Round "3"]
[White "Mandery, Markus"]
[Black "Lutz, Bernhard"]
[Result "1/2-1/2"]
[Termination "normal"]
[Board "3"]
[WhiteElo "1454"]
[BlackElo "1113"]
[PlyCount "58"]
[WhiteFideId "24607126"]
[BlackFideId "24628638"]
[EventCountry "GER"]
[EventRounds "11"]
[EventType "swiss"]
[EventDate "2000.06.03"]

1. d4 e6 2. c4 Bb4+ 3. Bd2 Qe7 4. Nf3 f5 5. a3 Bxd2+ 6. Qxd2 Nf6 7. Nc3 a6 8.
e3 b6 9. Bd3 Bb7 10. Qc2 d6 11. Rg1 Nbd7 12. Nd2 c5 13. f3 cxd4 14. exd4 g6 15.
O-O-O e5 16. Rde1 Kf7 17. Kb1 Qd8 18. d5 Nc5 19. g4 Nxd3 20. Qxd3 f4 21. g5 Nh5
22. Nde4 Bc8 23. Ka1 Bf5 24. Qc2 Rc8 25. Qb3 Ke7 26. Qa4 Ra8 27. Nf2 Qc7 28.
Ng4 Rhc8 29. Qb4 Qc5 1/2-1/2

[Event "DEM U10/U10w 2000"]
[Site "Überlingen GER"]
[Date "2000.06.05"]
[Round "3"]
[White "Baldauf, Marco"]
[Black "Schmidt, David"]
[Result "1-0"]
[Termination "normal"]
[Board "4"]
[WhiteElo "1278"]
[BlackElo "1078"]
[PlyCount "33"]
[WhiteFideId "4688210"]
[EventCountry "GER"]
[EventRounds "11"]
[EventType "swiss"]
[EventDate "2000.06.03"]

1. e4 e5 2. Nf3 Nc6 3. Bc4 Bc5 4. c3 Nf6 5. d4 exd4 6. e5 Qe7 7. O-O Ng4 8.
cxd4 Bb6 9. Bg5 Qb4 10. Qd3 Qxb2 11. Qf5 f6 12. exf6 d5 13. Qxd5 Nxf6 14. Re1+
Ne7 15. Qf7+ Kd7 16. Qxe7+ Kc6 17. Ne5# 1-0

[Event "DEM U10/U10w 2000"]
[Site "Überlingen GER"]
[Date "2000.06.05"]
[Round "3"]
[White "Forchmann, Georg"]
[Black "Wittmann, Thomas"]
[Result "1-0"]
[Termination "normal"]
[Board "5"]
[WhiteElo "1214"]
[BlackElo "1070"]
[PlyCount "99"]
[EventCountry "GER"]
[EventRounds "11"]
[EventType "swiss"]
[EventDate "2000.06.03"]

1. e4 c5 2. Nc3 Nc6 3. g3 g6 4. Bg2 Bg7 5. d3 e6 6. f4 d6 7. Nf3 Nge7 8. O-O
O-O 9. Be3 Rb8 10. e5 Nf5 11. Bf2 Ncd4 12. exd6 Qxd6 13. Ne4 Qc7 14. Nxd4 cxd4
15. Nd2 Ne3 16. Bxe3 dxe3 17. Nc4 Bd4 18. Qe2 b5 19. Nxe3 Bxb2 20. Rab1 Bd4 21.
Kh1 Bxe3 22. Qxe3 Qxc2 23. Qxa7 Bd7 24. Qxd7 Rfd8 25. Qa7 Qxd3 26. Qc5 Rdc8 27.
Qe5 b4 28. Rbc1 Qa3 29. Rxc8+ Rxc8 30. Qd4 Rc1 31. Rxc1 Qxc1+ 32. Qg1 Qb2 33.
Be4 Qxa2 34. Qb1 Qxb1+ 35. Bxb1 Kf8 36. Kg2 Ke7 37. Kf3 Kf6 38. Ke4 g5 39. Kf3
h6 40. Kg4 gxf4 41. gxf4 e5 42. fxe5+ Kxe5 43. h4 Kf6 44. Kh5 Kg7 45. Bc2 f6
46. Bb1 b3 47. Bd3 b2 48. Bb1 Kf7 49. Kxh6 Ke6 50. Kg6 1-0

[Event "DEM U10/U10w 2000"]
[Site "Überlingen GER"]
[Date "2000.06.05"]
[Round "3"]
[White "Schlötzer, Waldemar"]
[Black "Seyb, Alexander"]
[Result "1-0"]
[Termination "normal"]
[Board "6"]
[WhiteElo "1199"]
[BlackElo "1052"]
[PlyCount "69"]
[WhiteFideId "24602140"]
[BlackFideId "4699033"]
[EventCountry "GER"]
[EventRounds "11"]
[EventType "swiss"]
[EventDate "2000.06.03"]

1. d4 Nf6 2. c4 g6 3. Nf3 Bg7 4. Bf4 d6 5. e3 O-O 6. Nc3 Nbd7 7. Bd3 h6 8. O-O
Nh5 9. Be4 e5 10. Bg3 Nxg3 11. fxg3 f5 12. Bd5+ Kh7 13. Nh4 c6 14. Bf3 Qb6 15.
Na4 Qc7 16. g4 Nb6 17. gxf5 gxf5 18. Bh5 Kg8 19. Qb3 Be6 20. Nxb6 axb6 21. d5
Bd7 22. dxc6 bxc6 23. c5+ d5 24. cxb6 Qb7 25. a4 Be6 26. a5 Rf6 27. Qa4 Ra6 28.
Be2 Ra8 29. Rfc1 Bd7 30. Qb3 Rff8 31. a6 Qb8 32. a7 Qd8 33. b7 Qxh4 34. bxa8=Q
Rxa8 35. Qb8+ 1-0

[Event "DEM U10/U10w 2000"]
[Site "Überlingen GER"]
[Date "2000.06.05"]
[Round "3"]
[White "Müller, Jan Hendrik"]
[Black "Szczap, Arthur"]
[Result "0-1"]
[Termination "normal"]
[Board "8"]
[WhiteElo "1144"]
[BlackElo "925"]
[PlyCount "84"]
[WhiteFideId "24615048"]
[BlackFideId "24637394"]
[EventCountry "GER"]
[EventRounds "11"]
[EventType "swiss"]
[EventDate "2000.06.03"]

1. e4 c5 2. Nf3 Nc6 3. d4 cxd4 4. Nxd4 d6 5. c3 Nf6 6. Bb5 Bd7 7. Qa4 Qc7 8.
Nd2 Nxd4 9. cxd4 Bxb5 10. Qxb5+ Qc6 11. Qd3 e6 12. O-O Be7 13. Re1 Qc7 14. Nf3
h6 15. Bf4 O-O 16. Rac1 Qd7 17. Qb3 Rac8 18. e5 Rxc1 19. Rxc1 dxe5 20. Bxe5 Rc8
21. Rxc8+ Qxc8 22. g3 Ng4 23. Qa4 Nxe5 24. dxe5 a6 25. Qd1 Bc5 26. Kg2 Bb6 27.
Qb3 Qc5 28. Qc3 Qxf2+ 29. Kh3 Qf1+ 30. Kg4 h5+ 31. Kxh5 g6+ 32. Kh6 Bd8 33. Qd4
Qc1+ 34. Nd2 Qc7 35. Ne4 Be7 36. Qc3 Qd8 37. Nf6+ Kh8 38. Qc4 Qd2+ 39. Qf4
Qxh2+ 40. Qh4 Qxh4+ 41. gxh4 Bc5 42. b3 Be3# 0-1